Le travail du collectif dans la prise en charge de la souffrance précoce : la création d’un milieu commun (notice n° 1560700)
[ vue normale ]
| 000 -LEADER | |
|---|---|
| fixed length control field | 00605cam a2200169 4500500 |
| 005 - DATE AND TIME OF LATEST TRANSACTION | |
| control field | 20251102004537.0 |
| 041 ## - LANGUAGE CODE | |
| Language code of text/sound track or separate title | fre |
| 042 ## - AUTHENTICATION CODE | |
| Authentication code | dc |
| 100 10 - MAIN ENTRY--PERSONAL NAME | |
| Personal name | Diban, Maria |
| Relator term | author |
| 245 00 - TITLE STATEMENT | |
| Title | Le travail du collectif dans la prise en charge de la souffrance précoce : la création d’un milieu commun |
| 260 ## - PUBLICATION, DISTRIBUTION, ETC. | |
| Date of publication, distribution, etc. | 2025.<br/> |
| 500 ## - GENERAL NOTE | |
| General note | 6 |
| 700 10 - ADDED ENTRY--PERSONAL NAME | |
| Personal name | Magdalena Manriquez, María |
| Relator term | author |
| 700 10 - ADDED ENTRY--PERSONAL NAME | |
| Personal name | Humphreys, Derek |
| Relator term | author |
| 786 0# - DATA SOURCE ENTRY | |
| Note | Connexions | 123 | 2 | 2025-09-17 | p. 55-67 | 0337-3126 |
| 856 41 - ELECTRONIC LOCATION AND ACCESS | |
| Uniform Resource Identifier | <a href="https://shs.cairn.info/revue-connexions-2025-2-page-55?lang=fr&redirect-ssocas=7080">https://shs.cairn.info/revue-connexions-2025-2-page-55?lang=fr&redirect-ssocas=7080</a> |
Pas d'exemplaire disponible.




Réseaux sociaux